000 00301nam a22001337a 4500
008 181126b xxu||||| |||| 00| 0 eng d
020 _a0070253846
041 _aeng
080 _a610.073
100 _a4
101 _aPSI
245 _aCmprehensive Psychiatric Nursing
_cHaber.J
942 _2udc
_cBK
999 _c52481
_d52481